Catálogo
 En Linea

The pursuit of victory. : (Registro nro. 42536)

Detalles MARC
000 -CABECERA
campo de control de longitud fija 00674nam a2200193 a 4500
001 - NÚMERO DE CONTROL
campo de control 000043047
005 - FECHA Y HORA DE LA ÚLTIMA TRANSACCIÓN
campo de control 20201002040610.0
008 - DATOS DE LONGITUD FIJA--INFORMACIÓN GENERAL
campo de control de longitud fija 140218s1996 xxuabc 001 0 spa d
020 ## - NÚMERO INTERNACIONAL ESTÁNDAR DEL LIBRO
Número Internacional Estándar del Libro 0198204973
040 ## - FUENTE DE LA CATALOGACIÓN
Centro catalogador/agencia de origen DO-SdBNP
Lengua de catalogación spa
Centro/agencia transcriptor BNPHU
100 1# - ENTRADA PRINCIPAL--NOMBRE DE PERSONA
Nombre de persona Bond, Brian
9 (RLIN) 70571
245 10 - MENCIÓN DE TÍTULO
Título The pursuit of victory. :
Resto del título from Napoleon to Saddam Hussein /
Mención de responsabilidad, etc. Brian Bond.
260 ## - PUBLICACIÓN, DISTRIBUCIÓN, ETC.
Lugar de publicación, distribución, etc. New York, :
Nombre del editor, distribuidor, etc. Oxford University Press,
Fecha de publicación, distribución, etc. 1996.
300 ## - DESCRIPCIÓN FÍSICA
Extensión 240 p. :
Otras características físicas il., mapa, retrs. ;
Dimensiones 25 cm.
500 ## - NOTA GENERAL
Nota general Incluye notas p: 205-225
500 ## - NOTA GENERAL
Nota general Incluye datos biografícos del autor en la solapa de la contraportada
500 ## - NOTA GENERAL
Nota general Incluye índice p: 231-240
504 ## - NOTA DE BIBLIOGRAFÍA, ETC.
Nota de bibliografía, etc. Bibliografía p: 227-230
Existencias
Estado de retiro Estado de pérdida Restricciones de uso No para préstamo Código de colección Localización permanente Ubicación/localización actual Ubicación en estantería Fecha de adquisición Número de inventario Total de préstamos Signatura topográfica completa Código de barras Fecha visto por última vez Precio válido a partir de Tipo de ítem Koha
      Excluido de préstamo Monografías: Libros y Folletos General General En catalogación 18.02.2014 LF1   43047-10 25.06.2020 25.06.2020 No se presta

Con tecnología Koha